000 00328nam a22001337a 4500
008 171019b xxu||||| |||| 00| 0 eng d
020 _a9780697288820
041 _aeng
080 _a338
100 _a53
101 _aMEN
245 _aMANAGING SYSTEMATIC ETHICAL PUBLIC RELATIONS CAMPIGNS
_cMARK.P.M
942 _2udc
_cBK
999 _c34973
_d34973